000 00636nam a2200181Ia 4500
008 100921s9999 xx 000 0 und d
082 _b43970
_a891.463 न 09
100 _aबेडेकर विश्राम.
245 _aरणांगण.आ-14.
260 _bदेशमुख आणि कंपनी,पुणे.
_c2009
300 _a122
_bअक्षरधारा प्रदर्शन.
365 _b100
520 _aललित-कादंबरी.
630 _aरणांगण.आ-14.
650 _aललित-कादंबरी.
730 _aरणांगण.आ-14.
942 _cBOOK
999 _c793083
_d793080